| 000 | 00519nam a22001457a 4500 | ||
|---|---|---|---|
| 020 | _a978-0-9559446-6-6 | ||
| 082 |
_a823 _bMAT/Y |
||
| 100 | _aMATT ; DAVE | ||
| 245 | _aYUCK | ||
| 260 |
_aBRITIAN _bOXFORD UNIVERSITY PRESS _c2009 |
||
| 300 | _a57 | ||
| 520 | _aSummary. The plot of Yuck, A Love Story centres on a young boy named Austin, who is upset that a girl named Amy is moving into the house next door. Feigning disinterest in Amy, Austin nevertheless wants to impress her. | ||
| 650 | _aSHORT STORY | ||
| 942 | _cBK | ||
| 999 |
_c6150 _d6150 |
||